Audels refrigeration and air conditioning guide for engineers, servicemen, shop men & users (Record no. 545911)
[ view plain ]
| 000 -LEADER | |
|---|---|
| fixed length control field | 01048cam a2200193Ki 4500 |
| 082 04 - DEWEY DECIMAL CLASSIFICATION NUMBER | |
| Classification number | 621.56 |
| Author Mark | AND |
| -- | L-8, P-9 |
| 100 1# - MAIN ENTRY--PERSONAL NAME | |
| Personal name | Anderson, Edwin P., |
| 9 (RLIN) | 41838 |
| 245 10 - TITLE STATEMENT | |
| Title | Audels refrigeration and air conditioning guide for engineers, servicemen, shop men & users |
| Remainder of title | a practical treatise covering the basic principles, servicing, operation and repair of 1. Household refrigeration units. 2. Special refrigeration machines. 3. Commercial-industrial plants. 4. Air conditioning systems / |
| Statement of responsibility, etc. | by Edwin P. Anderson. |
| 260 ## - PUBLICATION, DISTRIBUTION, ETC. | |
| Place of publication, distribution, etc. | New York, N.Y. : |
| Name of publisher, distributor, etc. | T. Audel & Co., |
| Date of publication, distribution, etc. | [1944] |
| 300 ## - PHYSICAL DESCRIPTION | |
| Extent | 1 online resource (10 p. l., 1242 (i.e. 1248) p. incl. front) : |
| Other physical details | ill., tables, diagrs. |
| 490 0# - SERIES STATEMENT | |
| Series statement | Half-title: Audels helping hand books for mechanics |
| 526 ## - STUDY PROGRAM INFORMATION NOTE | |
| Program name | 0 |
| Interest level | 0 |
| Reading level | 0 |
| Title point value | 621_560000000000000_AND |
| 526 ## - STUDY PROGRAM INFORMATION NOTE | |
| Program name | 0 |
| Interest level | 0 |
| Reading level | 0 |
| Title point value | 621_560000000000000_AND |
| 650 #0 - SUBJECT ADDED ENTRY--TOPICAL TERM | |
| Topical term or geographic name entry element | Air conditioning. |
| 9 (RLIN) | 19032 |
| 650 #0 - SUBJECT ADDED ENTRY--TOPICAL TERM | |
| Topical term or geographic name entry element | MCE |
| 9 (RLIN) | 379 |
| 650 #0 - SUBJECT ADDED ENTRY--TOPICAL TERM | |
| Topical term or geographic name entry element | Refrigeration and refrigerating machinery. |
| 9 (RLIN) | 19031 |
| 856 40 - ELECTRONIC LOCATION AND ACCESS | |
| Uniform Resource Identifier | <a href="http://catalog.hathitrust.org/api/volumes/oclc/1275813.html">http://catalog.hathitrust.org/api/volumes/oclc/1275813.html</a> |
| 942 ## - ADDED ENTRY ELEMENTS (KOHA) | |
| Source of classification or shelving scheme | |
| Koha item type | Book |
| Withdrawn status | Lost status | Source of classification or shelving scheme | Damaged status | Not for loan | Permanent Location | Current Location | Date acquired | Total Checkouts | Full call number | Barcode | Date last seen | Price effective from | Koha item type |
|---|---|---|---|---|---|---|---|---|---|---|---|---|---|
| Military College of Engineering (MCE) | Military College of Engineering (MCE) | 05/30/2014 | 621.56 AND | MCE-41678 | 05/30/2014 | 05/30/2014 | Book | ||||||
| Military College of Engineering (MCE) | Military College of Engineering (MCE) | 05/30/2014 | 621.56 AND | MCE-41165 | 05/30/2014 | 05/30/2014 | Book |
